Historical Russians - Statistics

General Stats
  • This quiz has been taken 212 times
  • The average score is 12 of 18
Answer Stats
Hint Answer % Correct
Known as a "terrible" tsar who subordinated nobles to his will Ivan IV
98%
Revolutionary founder of the Soviet Union Vladimir Lenin
97%
The last emperor of Russia Nicholas II
95%
Longest running ruler of the Soviet Union Joseph Stalin
94%
Last president of the USSR known for his glasnost policies and negotiating the end of the Cold War Mikhail Gorbachev
92%
Wrote "War and Peace" Leo Tolstoy
88%
Former peasant and healer for Alexei Nikolaevich Grigori Rasputin
87%
First man to go into Outer Space Yuri Gagarin
84%
The first emperor of Russia that led a cultural and scientific revolution Peter I
81%
Novelist and philosopher who wrote "Crime and Punishment" and "Demons" Fyodor Dostoevsky
74%
Composed "Swan Lake" and "The Nutcracker" Pyotr Tchaikovsky
74%
Grand Duchess who was claimed by many people to be alive after her death in 1918 Anastasia Nikolaevna
69%
Chemist who invented the Periodic Table Dmitri Mendeleev
69%
Known as the Emperor of Russia, King of Poland and Grand Duke of Finland Alexander II
50%
Considered to be the greatest poet and founder of modern Russian literature Alexander Pushkin
39%
This empress expanded the borders, founded many cities and continued to modernized Russia Catherine II
27%
Served an important role in Kievan Rus' history by stopping Swedish and German invaders Alexander Nevsky
17%
Scientist and writer who influenced the formation of the modern Russian language Mikhail Lomonosov
10%
No matching quizzes found
Score Distribution
Percent of People with Each Score
Percentile by Number Answered
Your Score History
You have not taken this quiz